000 00650nam a2200205Ii 4500
003 JO-AjNU
008 230605s9999||||xx |||||||||||||| ||und||
040 _aJO-AjNU
_bara
_erda
_cJO-AjNU
041 _aara
050 1 4 _aRJ504.2.I422 1987
100 3 _aعبدالرزاق ، عماد,
_eauthor
_942579
245 0 0 _aالاعراض والامراض النفسية وعلاجها
250 _aط1
264 3 1 _aعمان:دار الفكر للنشر ، 1987
300 _a150ص
336 _atext
_btxt
_2rdacontent
337 _aunmediated
_bn
_2rdamedia
338 _avolume
_bnc
_2rdacarrier
650 4 _aالامراض النفسية
_942580
999 _aA18242
_c21810
_d21810